Statistiche per Paesi più vicini alla Cechia

Clicka qui per fare il quiz!

Statistiche generali

  • Questo quiz è stato fatto 43 volte
  • Il punteggio medio è 18 su 20

Statistiche sulle risposte

kmnazione% Corretto
218Italia
100%
0Austria
97%
314Svizzera
97%
0Germania
95%
0Polonia
95%
0Slovacchia
95%
313Francia
92%
334Liechtenstein
92%
234Croazia
89%
263Ucraina
89%
70Ungheria
89%
321Romania
86%
200Slovenia
86%
395Bielorussia
84%
421Danimarca
84%
401Lussemburgo
84%
404Belgio
81%
429Paesi Bassi
81%
330Serbia
81%
371Bosnia ed
Erzegovina
78%

Distribuzione punteggi

Percentile per numero di risposta

Percentuale di utenti per punteggio

I tuoi punteggi nel tempo

Non hai fatto questo quiz